000
00300nam a2200121Ia 4500
008
190216s9999||||xx |||||||||||||| ||und||
100
_a
Gnanapragasan N S
245
0
_a
Chemistry Objective Tests
260
_b
Sulthan Chand&Sons
_c
1979
300
_a
332p
650
_a
Chemistry-Chemistry
942
_c
BK
999
_c
2485
_d
2485